[Event "Reykjavik op"]
[Site "Reykjavik"]
[Date "2023.03.30"]
[Round "3"]
[White "Hauksson, Helgi"]
[Black "Miettinen, Teemu"]
[Result "0-1"]
[WhiteElo "1637"]
[BlackElo "1884"]
[PlyCount "83"]
[EventDate "2023.03.29"]
[EventType "swiss"]
[EventRounds "9"]
[EventCountry "ISL"]
[SourceTitle "CBM 213 Extra"]
[Source "ChessBase"]
[SourceDate "2023.05.31"]
[SourceVersion "1"]
[SourceVersionDate "2023.05.31"]
[SourceQuality "1"]

1. d4 Nf6 2. Nf3 g6 3. c4 c5 4. g3 Bg7 5. Bg2 0-0 6. 0-0 Na6 7. Nc3 d6 8. e4 Nd7 9. Rb1 cxd4 10. Nxd4 Ne5 11. b4 Nxc4 12. Nd5 e6 13. Ne3 Nxe3 14. Bxe3 Nc7 15. a4 Qe7 16. Qd2 Rd8 17. Bg5 f6 18. Be3 d5 19. Qc2 e5 20. Nb3 d4 21. Bd2 Ne6 22. Qc4 Kh8 23. Rfc1 Bd7 24. b5 Rac8 25. Qd3 b6 26. f4 Nf8 27. f5 Be8 28. h3 Bf7 29. a5 Qb7 30. Bb4 Rxc1+ 31. Rxc1 Rc8 32. Kh2 Rxc1 33. Nxc1 Qc8 34. Qa3 Nd7 35. Nd3 Qc4 36. axb6 axb6 37. Qa8+ Bg8 38. Qc6 Qf7 39. h4 gxf5 40. exf5 Qe8 41. Bd6 Bf7 42. Qc7 0-1

[Event "Reykjavik op"]
[Site "Reykjavik"]
[Date "2023.03.29"]
[Round "1"]
[White "Banerjee, Sanjoy K"]
[Black "Miettinen, Teemu"]
[Result "0-1"]
[WhiteElo "1566"]
[BlackElo "1884"]
[PlyCount "74"]
[EventDate "2023.03.29"]
[EventType "swiss"]
[EventRounds "9"]
[EventCountry "ISL"]
[SourceTitle "CBM 213 Extra"]
[Source "ChessBase"]
[SourceDate "2023.05.31"]
[SourceVersion "1"]
[SourceVersionDate "2023.05.31"]
[SourceQuality "1"]

1. d4 Nf6 2. c4 c5 3. d5 g6 4. Nc3 Bg7 5. Nf3 d6 6. e4 0-0 7. Be2 e5 8. Bg5 h6 9. Bd2 Ne8 10. Bd3 f5 11. exf5 gxf5 12. Bc2 Nd7 13. Qc1 Qf6 14. Ne2 a6 15. a4 b6 16. Bc3 Qe7 17. g3 Rf7 18. Nh4 Nf8 19. Qe3 Rb8 20. 0-0-0 b5 21. axb5 axb5 22. cxb5 Nc7 23. Ba4 Bd7 24. f4 e4 25. Bxg7 Rxg7 26. Nc3 Qf6 27. Qe2 Na8 28. Ng2 Nb6 29. Qc2 Be8 30. Ne3 Nxa4 31. Qxa4 Rgb7 32. Nc4 Bxb5 33. Nxb5 Rxb5 34. Rd2 Rb4 35. Qa6 Qd8 36. Na3 Ra8 37. Qc6 Rb6 0-1

[Event "Berlin Spandau op"]
[Site "Berlin"]
[Date "2019.12.30"]
[Round "7"]
[White "Miettinen, Teemu"]
[Black "Paul, Fabian"]
[Result "1-0"]
[WhiteElo "2005"]
[BlackElo "1656"]
[PlyCount "117"]
[EventDate "2019.12.27"]
[EventType "swiss"]
[EventRounds "7"]
[EventCountry "GER"]
[SourceTitle "CBM 194 Extra"]
[Source "ChessBase"]
[SourceDate "2020.03.31"]
[SourceVersion "1"]
[SourceVersionDate "2020.03.31"]
[SourceQuality "1"]

1. d4 Nf6 2. c4 g6 3. Nc3 d5 4. cxd5 Nxd5 5. e4 Nxc3 6. bxc3 Bg7 7. Bb5+ c6 8. Ba4 0-0 9. Ne2 c5 10. 0-0 Nc6 11. Be3 Na5 12. Bb5 c4 13. Ng3 e5 14. d5 b6 15. Qd2 f5 16. f4 exf4 17. Bxf4 fxe4 18. Nxe4 Bf5 19. Rfe1 Bxe4 20. Rxe4 Qf6 21. Be5 Qf5 22. Bxg7 Qxe4 23. Bxf8 Rxf8 24. Re1 Qf5 25. Bc6 Rd8 26. Rd1 Qe5 27. Qd4 Qxd4+ 28. Rxd4 h5 29. Kf2 Kf7 30. Bb5 Rd6 31. Bxc4 Nxc4 32. Rxc4 Rxd5 33. Rc7+ Ke6 34. Rxa7 Rd2+ 35. Kf1 Rc2 36. Rb7 Rxc3 37. Rxb6+ Kf5 38. Rb4 Rc2 39. Ra4 g5 40. h3 h4 41. Kg1 Ke5 42. Rg4 Kf5 43. a4 Ra2 44. Kf1 Rd2 45. Ke1 Rc2 46. Kd1 Ra2 47. Rc4 Ke6 48. Rc6+ Kd7 49. Rg6 Kc7 50. Ke1 Rc2 51. a5 Kd8 52. Kf1 Rc1+ 53. Kf2 Rc2+ 54. Kf3 Rc3+ 55. Kg4 Rc1 56. Kf3 Rc3+ 57. Kg4 Rc2 58. Kxg5 Rc5+ 59. Kf6 1-0

[Event "Berlin Lichtenrade op 15th"]
[Site "Berlin"]
[Date "2019.10.17"]
[Round "6"]
[White "Miettinen, Teemu"]
[Black "Bergmann, Jens"]
[Result "1-0"]
[WhiteElo "2032"]
[BlackElo "1856"]
[PlyCount "101"]
[EventDate "2019.10.12"]
[EventType "swiss"]
[EventRounds "9"]
[EventCountry "GER"]
[SourceTitle "CBM 195 Extra"]
[Source "ChessBase"]
[SourceDate "2020.05.31"]
[SourceVersion "1"]
[SourceVersionDate "2020.05.31"]
[SourceQuality "1"]

1. d4 Nf6 2. c4 e6 3. Nc3 Bb4 4. f3 c5 5. d5 0-0 6. e4 exd5 7. cxd5 d6 8. Nge2 Nh5 9. g4 Qh4+ 10. Kd2 Qf2 11. gxh5 f5 12. Kc2 Bxc3 13. bxc3 fxe4 14. fxe4 Bg4 15. Rg1 Bxh5 16. Bg5 Qxh2 17. Qd2 Rf2 18. Re1 Bg6 19. Qe3 Qxg1 20. Kb3 Qh2 21. Bf4 Rxf4 22. Nxf4 Nd7 23. Nxg6 hxg6 24. Bh3 Nf8 25. Qf3 c4+ 26. Ka3 Re8 27. Rf1 Qe5 28. Be6+ Kh8 29. Rh1+ Nh7 30. Qh3 Qh5 31. Qg2 Qe5 32. Qh3 Qh5 33. Qg2 Qe5 34. Rh3 Rxe6 35. dxe6 Qxe6 36. Qh2 Qg8 37. Qxd6 g5 38. e5 g4 39. Rh1 g3 40. Rg1 Qf7 41. Rxg3 Nf8 42. Re3 Qf1 43. Qd2 Ne6 44. Re1 Qf3 45. Re3 Qf1 46. Qe1 Qf8+ 47. Kb2 Nc5 48. Qh1+ Kg8 49. Qd5+ Qf7 50. Qxc5 Qf2+ 51. Ka3 1-0

[Event "Helsinki EtVaS Autumn-B"]
[Site "Helsinki"]
[Date "2019.09.07"]
[Round "2"]
[White "Miettinen, Teemu"]
[Black "Ertbjerg, Per"]
[Result "0-1"]
[WhiteElo "2032"]
[BlackElo "1985"]
[PlyCount "102"]
[EventDate "2019.09.06"]
[EventType "tourn"]
[EventRounds "5"]
[EventCountry "FIN"]
[SourceTitle "EXT 2021"]
[Source "ChessBase"]
[SourceDate "2020.10.23"]
[SourceVersion "1"]
[SourceVersionDate "2020.10.23"]
[SourceQuality "1"]

1. d4 d5 2. Nf3 Bf5 3. Bf4 e6 4. e3 Bd6 5. Bg3 Nd7 6. Bxd6 cxd6 7. Bd3 Bxd3 8. Qxd3 Ngf6 9. Nbd2 0-0 10. 0-0 Rc8 11. Rfc1 Re8 12. Qa3 Rc6 13. Qxa7 Qc7 14. Qa4 Nb6 15. Qb3 Nc4 16. Nxc4 dxc4 17. Qb5 Ra8 18. b3 Ra5 19. Qb4 c3 20. d5 Rxd5 21. Rd1 Rb6 22. Qa4 Ra6 23. Qb4 Rxa2 24. Nd4 Rxa1 25. Rxa1 h6 26. h3 e5 27. Nf3 b6 28. g4 Qc6 29. Nh4 Rd2 30. Rc1 g5 31. Nf5 Qf3 32. Rf1 Qxh3 33. Qxc3 Nxg4 34. Nxh6+ Qxh6 35. Qc8+ Kg7 36. Qxg4 Rxc2 37. Kg2 Qg6 38. Rd1 Qf6 39. Qg3 Rb2 40. Rd3 e4 41. Rxd6 Rxf2+ 42. Qxf2 Qxd6 43. Qb2+ Qf6 44. Qd2 Qf3+ 45. Kg1 Qg3+ 46. Kh1 Kg6 47. Qd4 Qf3+ 48. Kg1 b5 49. b4 f6 50. Qc5 g4 51. Qb6 g3 0-1

[Event "Leiden op-A 13th"]
[Site "Leiden"]
[Date "2019.07.19"]
[Round "7"]
[White "Miettinen, Teemu"]
[Black "Wiersma, Eelke"]
[Result "1/2-1/2"]
[WhiteElo "2021"]
[BlackElo "2344"]
[PlyCount "32"]
[EventDate "2019.07.12"]
[EventType "swiss"]
[EventRounds "9"]
[EventCountry "NED"]
[SourceTitle "EXT 2020"]
[Source "ChessBase"]
[SourceDate "2019.10.17"]
[SourceVersion "1"]
[SourceVersionDate "2019.10.17"]
[SourceQuality "1"]

1. e4 d6 2. d4 Nf6 3. Nc3 g6 4. Be3 a6 5. f3 b5 6. Qd2 Nbd7 7. 0-0-0 Bb7 8. g4 Nb6 9. g5 Nh5 10. b3 e5 11. Bh3 Be7 12. Nge2 0-0 13. Bg4 exd4 14. Nxd4 Ng7 15. h4 c5 16. Nde2 b4 1/2-1/2

[Event "Salo SalSK op"]
[Site "Salo"]
[Date "2019.02.17"]
[Round "5"]
[White "Miettinen, Teemu"]
[Black "Lehtosaari, Kalevi"]
[Result "1-0"]
[WhiteElo "2011"]
[BlackElo "1983"]
[PlyCount "103"]
[EventDate "2019.02.15"]
[EventType "swiss"]
[EventRounds "5"]
[EventCountry "FIN"]
[SourceTitle "EXT 2021"]
[Source "ChessBase"]
[SourceDate "2020.10.23"]
[SourceVersion "1"]
[SourceVersionDate "2020.10.23"]
[SourceQuality "1"]

1. d4 d5 2. c4 c6 3. Nf3 Nf6 4. Nc3 g6 5. Bf4 Bg7 6. e3 0-0 7. h3 Nbd7 8. Bd3 Nb6 9. cxd5 Nfxd5 10. Bh2 c5 11. 0-0 cxd4 12. exd4 Be6 13. Rc1 Nb4 14. Bb1 Bd5 15. Nxd5 N4xd5 16. Ne5 e6 17. Qe2 Qe7 18. Be4 Rac8 19. a3 Qg5 20. f4 Qh4 21. Rc5 g5 22. f5 Nf6 23. Rxc8 Rxc8 24. Bxb7 Qxd4+ 25. Kh1 Rf8 26. fxe6 fxe6 27. Rd1 Qa4 28. Nf3 g4 29. Qxe6+ Kh8 30. b3 Qe8 31. Qxe8 Rxe8 32. Nh4 gxh3 33. gxh3 Bf8 34. a4 Re3 35. Rd8 Kg8 36. Nf5 Re1+ 37. Kg2 Kf7 38. a5 Nbd7 39. Ba6 Rd1 40. Bf4 Bc5 41. Bc4+ Kg6 42. Nh4+ Kg7 43. Nf5+ Kg6 44. Nh4+ Kg7 45. Nf3 Be7 46. Ra8 Bc5 47. Ng5 Kg6 48. Ne6 Kf5 49. Nxc5 Kxf4 50. Nxd7 Rd2+ 51. Kf1 Rxd7 52. Rf8 1-0

[Event "Salo SalSK op"]
[Site "Salo"]
[Date "2019.02.16"]
[Round "2"]
[White "Keso, Elias"]
[Black "Miettinen, Teemu"]
[Result "1-0"]
[WhiteElo "2097"]
[BlackElo "2011"]
[PlyCount "77"]
[EventDate "2019.02.15"]
[EventType "swiss"]
[EventRounds "5"]
[EventCountry "FIN"]
[SourceTitle "EXT 2021"]
[Source "ChessBase"]
[SourceDate "2020.10.23"]
[SourceVersion "1"]
[SourceVersionDate "2020.10.23"]
[SourceQuality "1"]

1. d4 Nf6 2. c4 g6 3. Nc3 Bg7 4. e4 d6 5. Nge2 0-0 6. Ng3 e5 7. d5 Nbd7 8. h4 Nc5 9. h5 Bg4 10. Be2 Bxe2 11. Qxe2 Qd7 12. b4 Na4 13. Nxa4 Qxa4 14. Bd2 c6 15. 0-0 cxd5 16. h6 Bh8 17. cxd5 Rfc8 18. Qd3 Qd7 19. f3 Qd8 20. Kf2 Nd7 21. Rfc1 Bf6 22. Nf1 Bg5 23. Bxg5 Qxg5 24. Qe3 Qxe3+ 25. Nxe3 Nb6 26. Ke2 Kf8 27. Kd3 Ke7 28. Rxc8 Rxc8 29. a4 Rc7 30. a5 Nd7 31. Nc4 f5 32. a6 fxe4+ 33. fxe4 b6 34. Ra2 Rc8 35. Na3 b5 36. Nxb5 Nb6 37. Nxa7 Rc5 38. Nc6+ Kd7 39. a7 1-0

[Event "FIN-chT2 Gp3 1819"]
[Site "Finland"]
[Date "2019.01.12"]
[Round "5.1"]
[White "Miettinen, Teemu"]
[Black "Salo, Tapio"]
[Result "0-1"]
[WhiteElo "1988"]
[BlackElo "2222"]
[PlyCount "102"]
[EventDate "2018.09.15"]
[EventType "team-tourn"]
[EventRounds "6"]
[EventCountry "FIN"]
[SourceTitle "EXT 2020"]
[Source "ChessBase"]
[SourceDate "2019.10.17"]
[SourceVersion "1"]
[SourceVersionDate "2019.10.17"]
[SourceQuality "1"]
[WhiteTeam "Vantaa Gambitti II"]
[BlackTeam "Loimaa SK"]
[WhiteTeamCountry "FIN"]
[BlackTeamCountry "FIN"]

1. c4 Nf6 2. g3 e6 3. Bg2 d5 4. d4 dxc4 5. Nf3 Nc6 6. 0-0 Rb8 7. a4 Na5 8. Nbd2 b6 9. Qc2 Bb7 10. e4 Nb3 11. Nxb3 cxb3 12. Qxb3 Bxe4 13. Bg5 Be7 14. Rfe1 Bd5 15. Qc2 0-0 16. Bf4 Rc8 17. Rad1 c5 18. dxc5 Rxc5 19. Qb1 Qa8 20. Nh4 Bxg2 21. Nxg2 Qf3 22. Rd3 Qc6 23. b4 Rd5 24. b5 Qc4 25. Rxd5 Nxd5 26. Qa1 Bf6 27. Be5 Bxe5 28. Rxe5 Rc8 29. Re1 g6 30. h4 Qc3 31. Qd1 h5 32. Kh2 Qb2 33. Qf3 Rc2 34. Kg1 Qc3 35. Qe4 Qc5 36. Qf3 Rc3 37. Ne3 Nxe3 38. fxe3 Rc1 39. Qf1 Rxe1 40. Qxe1 Qa3 41. e4 Qxa4 42. Qe2 Qd4+ 43. Kh2 e5 44. Qc2 Kg7 45. Qc6 Qf2+ 46. Kh3 Qg1 47. Qc2 Qh1+ 48. Qh2 Qxh2+ 49. Kxh2 f5 50. Kg2 Kf6 51. Kf3 Ke6 0-1

[Event "Helsinki LauttSSK op"]
[Site "Helsinki"]
[Date "2018.10.21"]
[Round "3"]
[White "Hallenberg, Sami"]
[Black "Miettinen, Teemu"]
[Result "1-0"]
[WhiteElo "2115"]
[BlackElo "1991"]
[PlyCount "61"]
[EventDate "2018.10.20"]
[EventType "swiss"]
[EventRounds "4"]
[EventCountry "FIN"]
[SourceTitle "EXT 2021"]
[Source "ChessBase"]
[SourceDate "2020.10.23"]
[SourceVersion "1"]
[SourceVersionDate "2020.10.23"]
[SourceQuality "1"]

1. e4 e6 2. d4 d5 3. Nc3 Bb4 4. e5 Ne7 5. a3 Bxc3+ 6. bxc3 c5 7. Qg4 Qc7 8. Qxg7 Rg8 9. Qxh7 cxd4 10. Qd3 dxc3 11. f4 Nbc6 12. Nf3 d4 13. Nxd4 Nxd4 14. Qxd4 Bd7 15. Be3 Nf5 16. Qc5 Qxc5 17. Bxc5 b6 18. Bf2 Bc6 19. Rg1 0-0-0 20. Rd1 Be4 21. g4 Rxd1+ 22. Kxd1 Bf3+ 23. Be2 Rd8+ 24. Ke1 Bxe2 25. Kxe2 Rd2+ 26. Kf3 Ne7 27. Rc1 Kd7 28. h4 Ke8 29. Be1 Rh2 30. Bf2 f6 31. exf6 1-0